000
00184 a2200097 4500
020
_a
9780440245117
041
_a
eng
100
_a
Grisham,John
245
_a
The Confession
942
_c
BK
999
_c
14855
_d
14855